|
|
|
|
| LEADER |
00000nas a2200000 a 4500 |
| 001 |
ssj0001172756 |
| 003 |
WaSeSS |
| 005 |
20200512172242.0 |
| 006 |
m d |
| 007 |
cr n |
| 008 |
090709c19909999po ar s 0 0fre c |
| 010 |
|
|
|a 2013263447
|
| 016 |
7 |
|
|a 994163878
|2 DE-101
|
| 016 |
7 |
|
|a 2494557-2
|2 DE-600
|
| 035 |
|
|
|a (WaSeSS)ssj0001172756
|
| 037 |
|
|
|b Universidade do Porto, Faculdade de Letras, Praça Gomes Teixeira, Porto 4099-002 Portugal
|
| 040 |
|
|
|a SNU
|b eng
|c SNU
|d OCLCQ
|d TXA
|d QE2
|d OCLCQ
|d DEBBG
|d GWDNB
|d CUS
|d GBVCP
|d TXA
|d OCLCF
|d OCLCO
|d OCLCQ
|d AU@
|d OCLCO
|d OCLCQ
|d STF
|d VT2
|d CNMTR
|d WaSeSS
|
| 041 |
0 |
|
|a fre
|b por
|
| 042 |
|
|
|a pcc
|
| 043 |
|
|
|a e-fr---
|
| 050 |
1 |
4 |
|a DC33.9
|b .I683
|
| 084 |
|
|
|a 800
|a 405
|2 zdbs
|
| 130 |
0 |
|
|a Intercambio (Porto, Portugal)
|
| 245 |
1 |
0 |
|a Intercâmbio
|h [electronic resource].
|
| 246 |
1 |
|
|a Revue intercâmbio
|
| 246 |
1 |
|
|a Revista intercâmbio
|
| 260 |
|
|
|a Porto :
|b Núcleo de Estudos Franceses da Universidade do Porto,
|c [1990]-
|
| 310 |
|
|
|a Annual
|
| 362 |
1 |
|
|a Began with: Num. 01 (1990); ceased with: Num. 12 (2007). New numbering began with: 2. série, no 1 (2008).
|
| 500 |
|
|
|a Issued by: Núcleo de Estudos Franceses da Universidade do Porto, 1990-1991; Instituto da Estudos Franceses da Universidad do Porto, 1992-
|
| 506 |
|
|
|a License restrictions may limit access.
|
| 515 |
|
|
|a None published 2000-2001, 2003-2006.
|
| 538 |
|
|
|a Mode of access: World Wide Web.
|
| 546 |
|
|
|a In French and Portuguese.
|
| 588 |
|
|
|a Description based on: Num. 01 (1990); title from PDF title page (up site, viewed Jan. 30, 2013).
|
| 588 |
|
|
|a Latest issue consulted: 2. série, no 5 (2012) (up site, viewed Jan. 30, 2013).
|
| 650 |
|
0 |
|a French literature
|v Periodicals.
|
| 650 |
|
7 |
|a Civilization.
|2 fast
|0 (OCoLC)fst00862898
|
| 650 |
|
7 |
|a French literature.
|2 fast
|0 (OCoLC)fst00934688
|
| 651 |
|
0 |
|a France
|x Civilization
|v Periodicals.
|
| 651 |
|
7 |
|a France.
|2 fast
|0 (OCoLC)fst01204289
|
| 655 |
|
0 |
|a Electronic journals.
|
| 710 |
2 |
|
|a Universidade do Porto.
|b Núcleo de Estudos Franceses.
|
| 710 |
2 |
|
|a Universidade do Porto.
|b Instituto de Estudos Franceses.
|
| 776 |
0 |
8 |
|i Print version:
|t Intercambio (Porto, Portugal)
|x 0873-366X
|
| 856 |
4 |
0 |
|z Full text available from Research Library: 01/01/2008 to present
|u https://search.proquest.com/publication/3882632
|